000 02458cam a22002174a 4500
005 20250605164149.0
008 250528s ||||||||||||||||||||||||d
035 _a19309
020 _a9608165032
040 _aGR-AtMCL
_bgre
_dGR-AtMCL
_eAACR2
245 1 _aΟργάνωση και Διοίκηση Παραγωγής
250 _a
260 _bΣύγχρονη Εκδοτική,
_c2009
300 _a304
505 0 _aΕισαγωγή στη Βιομηχανική Παραγωγή Παγκοσμίου Κλάσεως (World Class Manufacturing), Συστήματα Παραγωγής και Στοιχεία Βελτιστοποίησης Χώρου (Plant Layout), Νέες Τεχνολογίες Παραγωγήε: CAD AND CAM κ.τ.λ., Μελέτες Εργασίας και Πρότυποι Χρόνοι, Προγραμματισμός Παραγωγής και Προσέγγιση Just In Time (JIT), Διαχείριση Υλικών και Έλεγχος Αποθεμάτων, Διασφάλιση Ποιότητας και Έλεγχος Παραγωγής, Προληπτική Συντήρηση Εξοπλισμού κατά TPM (Total Productive Maintenance), Ευέλικτα Συστήματα Παραγωγής (Flexible Manufacturing Systems - FMS), Αρχές Άνεσης Εργασίας στην Παραγωγή, Βιβλιογραφία.
520 _aΕισαγωγή στη Βιομηχανική Παραγωγή Παγκοσμίου Κλάσεως (World Class Manufacturing), Συστήματα Παραγωγής και Στοιχεία Βελτιστοποίησης Χώρου (Plant Layout), Νέες Τεχνολογίες Παραγωγήε: CAD AND CAM κ.τ.λ., Μελέτες Εργασίας και Πρότυποι Χρόνοι, Προγραμματισμός Παραγωγής και Προσέγγιση Just In Time (JIT), Διαχείριση Υλικών και Έλεγχος Αποθεμάτων, Διασφάλιση Ποιότητας και Έλεγχος Παραγωγής, Προληπτική Συντήρηση Εξοπλισμού κατά TPM (Total Productive Maintenance), Ευέλικτα Συστήματα Παραγωγής (Flexible Manufacturing Systems - FMS), Αρχές Άνεσης Εργασίας στην Παραγωγή, Βιβλιογραφία.
700 1 _aΣκιττίδη Φιλήμονος Χρ
_95545
942 _cBK
999 _c4569
_d4569